LEADER 02485nam 2200625Ia 450 001 9910456110503321 005 20200520144314.0 010 $a0-262-30337-X 010 $a1-282-24023-4 010 $a9786612240232 010 $a0-262-01276-6 010 $a0-262-25499-9 035 $a(CKB)2420000000001088 035 $a(EBL)3338987 035 $a(OCoLC)312933523 035 $a(SSID)ssj0000193405 035 $a(PQKBManifestationID)11166599 035 $a(PQKBTitleCode)TC0000193405 035 $a(PQKBWorkID)10238295 035 $a(PQKB)11769047 035 $a(MiAaPQ)EBC3338987 035 $a(PPN)170236633 035 $a(Au-PeEL)EBL3338987 035 $a(CaPaEBR)ebr10277585 035 $a(CaONFJC)MIL224023 035 $a(EXLCZ)992420000000001088 100 $a20080815d2009 uy 0 101 0 $aeng 135 $aur|n|---||||| 181 $ctxt 182 $cc 183 $acr 200 00$aLives of the laureates$b[electronic resource] $etwenty-three Nobel economists /$fedited by William Breit and Barry T. Hirsch 205 $a5th ed. 210 $aCambridge, Mass. $cMIT Press$dc2009 215 $a1 online resource (476 p.) 300 $aDescription based upon print version of record. 320 $aIncludes bibliographical references (p. [455]-459). 327 $aContents; Introduction to the Fifth Edition; Acknowledgments; W. Arthur Lewis; Lawrence R. Klein; Kenneth J. Arrow; Paul A. Samuelson; Milton Friedman; George J. Stigler; James Tobin; Franco Modigliani; James M. Buchanan; Robert M. Solow; William F. Sharpe; Ronald H. Coase; Douglass C. North; John C. Harsanyi; Myron S. Scholes; Gary S. Becker; Robert E. Lucas, Jr.; James J. Heckman; Vernon L. Smith; Clive W. J. Granger; Edward C. Prescott; Thomas C. Schelling; Edmund S. Phelps; Lessons from the Laureates: An Afterword; Notes 330 $aAutobiographical accounts by twenty-three Nobel laureates give a picture of the richness of contemporary economic thought and insights into the creative process. 606 $aEconomists$vBiography 606 $aNobel Prizes 608 $aElectronic books. 615 0$aEconomists 615 0$aNobel Prizes. 676 $a330.092/2 701 $aBreit$b William$0124776 701 $aHirsch$b Barry T.$f1949-$0291231 801 0$bMiAaPQ 801 1$bMiAaPQ 801 2$bMiAaPQ 906 $aBOOK 912 $a9910456110503321 996 $aLives of the laureates$9751009 997 $aUNINA LEADER 06225nam 22015015 450 001 9910972398903321 005 20210106192615.0 010 $a9781400848553 010 $a1400848555 024 7 $a10.1515/9781400848553 035 $a(CKB)2550000001117951 035 $a(EBL)1329786 035 $a(OCoLC)858653172 035 $a(DE-B1597)453945 035 $a(OCoLC)979742385 035 $a(DE-B1597)9781400848553 035 $a(MiAaPQ)EBC1329786 035 $a(MiAaPQ)EBC31773215 035 $a(Au-PeEL)EBL31773215 035 $a(Perlego)735870 035 $a(EXLCZ)992550000001117951 100 $a20190708d2013 fg 101 0 $aeng 135 $aur|n|---||||| 181 $ctxt$2rdacontent 182 $cc$2rdamedia 183 $acr$2rdacarrier 200 14$aThe Modern Spirit of Asia $eThe Spiritual and the Secular in China and India /$fPeter van der Veer 205 $aCourse Book 210 1$aPrinceton, NJ : $cPrinceton University Press, $d[2013] 210 4$dİ2014 215 $a1 online resource (297 p.) 300 $aDescription based upon print version of record. 311 08$a9780691128153 311 08$a0691128154 311 08$a9781299870468 311 08$a1299870465 327 $tFrontmatter -- $tContents -- $tPreface -- $tChapter 1. Introduction -- $tChapter 2. Spirituality in Modern Society -- $tChapter 3. The Making of Oriental Religion -- $tChapter 4. Conversion to Indian and Chinese Modernities -- $tChapter 5. Secularism's Magic -- $tChapter 6. "Smash Temples, Build Schools": Comparing Secularism in India and China -- $tChapter 7. The Spiritual Body -- $tChapter 8. Muslims in India and China -- $tChapter 9. Conclusion -- $tNotes -- $tBibliography -- $tIndex 330 $aThe Modern Spirit of Asia challenges the notion that modernity in China and India are derivative imitations of the West, arguing that these societies have transformed their ancient traditions in unique and distinctive ways. Peter van der Veer begins with nineteenth-century imperial history, exploring how Western concepts of spirituality, secularity, religion, and magic were used to translate the traditions of India and China. He traces how modern Western notions of religion and magic were incorporated into the respective nation-building projects of Chinese and Indian nationalist intellectuals, yet how modernity in China and India is by no means uniform. While religion is a centerpiece of Indian nationalism, it is viewed in China as an obstacle to progress that must be marginalized and controlled. The Modern Spirit of Asia moves deftly from Kandinsky's understanding of spirituality in art to Indian yoga and Chinese qi gong, from modern theories of secularism to histories of Christian conversion, from Orientalist constructions of religion to Chinese campaigns against magic and superstition, and from Muslim Kashmir to Muslim Xinjiang. Van der Veer, an outspoken proponent of the importance of comparative studies of religion and society, eloquently makes his case in this groundbreaking examination of the spiritual and the secular in China and India. 606 $aChina -- Religious life and customs 606 $aIndia -- Religious life and customs 606 $aNationalism -- China -- Religious aspects 606 $aNationalism -- India -- Religious aspects 606 $aReligion and sociology -- China 606 $aReligion and sociology -- India 606 $aSecularism -- China -- History 606 $aSecularism -- India -- History 610 $aBangladesh. 610 $aChen Yingning. 610 $aChina. 610 $aChinese Muslims. 610 $aChinese modernity. 610 $aChinese spirituality. 610 $aChristian conversion. 610 $aChristianity. 610 $aFriedrich Max Mller. 610 $aGandhi. 610 $aIndia. 610 $aIndian Muslims. 610 $aIndian modernity. 610 $aIndian nationalism. 610 $aIndian spirituality. 610 $aIslam. 610 $aJesuit efforts. 610 $aMughal Empire. 610 $aMuslims. 610 $aPakistan. 610 $aPan-Asianism. 610 $aSacred Books of the East. 610 $aTagore. 610 $aTaixu. 610 $aWestern imperial modernity. 610 $aWestern imperialism. 610 $aWestern society. 610 $aanti-imperialism. 610 $aglobalization. 610 $aheterodoxy. 610 $aimperialism. 610 $aindustrialization. 610 $ainstitutionalized religion. 610 $aliberalization. 610 $aliberation. 610 $amagic. 610 $amaterialism. 610 $amessianic movements. 610 $aminoritization. 610 $amissionary movements. 610 $amodern vocabularies. 610 $amodernity. 610 $amodernizers. 610 $amoralization. 610 $anation-state. 610 $anational majority. 610 $aoriental religion. 610 $aoriental studies. 610 $apopular religion. 610 $aprotonationalism. 610 $aqi gong. 610 $areligion. 610 $areligious authority. 610 $ascientific knowledge. 610 $asecularism. 610 $asecularity. 610 $asecularization. 610 $asociety. 610 $asociology. 610 $aspirituality. 610 $astate formation. 610 $asuperstition. 610 $atechnological innovation. 610 $aworld religions. 610 $ayoga. 615 4$aChina -- Religious life and customs. 615 4$aIndia -- Religious life and customs. 615 4$aNationalism -- China -- Religious aspects. 615 4$aNationalism -- India -- Religious aspects. 615 4$aReligion and sociology -- China. 615 4$aReligion and sociology -- India. 615 4$aSecularism -- China -- History. 615 4$aSecularism -- India -- History. 676 $a306.6095 700 $aVeer$b Peter van der$0501189 801 0$bDE-B1597 801 1$bDE-B1597 906 $aBOOK 912 $a9910972398903321 996 $aThe Modern Spirit of Asia$94557984 997 $aUNINA